Adventist understanding about the state of the dead and Famadihana in Tsarafara Seventh-Day Adventist Church, Madagascar / (Record no. 25094)

MARC details
000 -LEADER
fixed length control field 00772nam a22001937a 4500
003 - CONTROL NUMBER IDENTIFIER
control field AUA.1
005 - DATE AND TIME OF LATEST TRANSACTION
control field 20251105111209.0
008 - FIXED-LENGTH DATA ELEMENTS--GENERAL INFORMATION
fixed length control field 250627b |||||||| |||| 00| 0 eng d
040 ## - CATALOGING SOURCE
Transcribing agency JTL
100 ## - MAIN ENTRY--PERSONAL NAME
Personal name Miadanarivo, Ramiandrasoa Rantonirina
245 ## - TITLE STATEMENT
Title Adventist understanding about the state of the dead and Famadihana in Tsarafara Seventh-Day Adventist Church, Madagascar /
Statement of responsibility, etc Ramiandrasoa Rantonirina Miadanarivo.
260 ## - PUBLICATION, DISTRIBUTION, ETC. (IMPRINT)
Date of publication, distribution, etc c2023.
300 ## - PHYSICAL DESCRIPTION
Extent vii, 88leaves :
Other physical details Illustrations :
Dimensions 30cm.
610 ## - SUBJECT ADDED ENTRY--CORPORATE NAME
Corporate name or jurisdiction name as entry element Tsarafara Seventh-Day Adventist Church
Geographic subdivision Madagascar
650 ## - SUBJECT ADDED ENTRY--TOPICAL TERM
Topical term or geographic name as entry element Famadihana
Geographic subdivision Madagascar
650 ## - SUBJECT ADDED ENTRY--TOPICAL TERM
Topical term or geographic name as entry element Funeral rites and ceremonies
9 (RLIN) 24036
650 ## - SUBJECT ADDED ENTRY--TOPICAL TERM
Topical term or geographic name as entry element Dead
Form subdivision Religious aspects
General subdivision Christianity
942 ## - ADDED ENTRY ELEMENTS (KOHA)
Source of classification or shelving scheme Library of Congress Classification
Koha item type Project
Classification part MA PTh
Item part .R36 2023
Holdings
Withdrawn status Lost status Source of classification or shelving scheme Damaged status Not for loan Collection code Home library Current library Shelving location Date acquired Source of acquisition Cost, normal purchase price Serial Enumeration / chronology Total Checkouts Full call number Barcode Date last seen Cost, replacement price Price effective from Koha item type
    Library of Congress Classification     JTL Research Collection Judith Thomas Library Judith Thomas Library Judith Thomas Library Research Section 27/06/2025 Theological Seminary 25.00 AUA27940   MA PTh .R36 2023 AUA27940 27/06/2025 25.00 27/06/2025 Project